Электрический зонд в плазме

Xehetasun bibliografikoak
Egile nagusia: Козлов О. В. Олег Васильевич
Hizkuntza:errusiera
Argitaratua: Москва, Атомиздат, 1969
Gaiak:
Formatua: MixedMaterials Liburua
KOHA link:https://koha.lib.tpu.ru/cgi-bin/koha/opac-detail.pl?biblionumber=55333

MARC

LEADER 00000nam0a2200000 4500
001 55333
005 20231031051109.0
035 |a (RuTPU)RU\TPU\book\58078 
090 |a 55333 
100 |a 20030912d1969 k y0rusy50 ca 
101 0 |a rus 
102 |a RU 
105 |a a z 001zy 
200 1 |a Электрический зонд в плазме  |f О. В. Козлов 
210 |a Москва  |c Атомиздат  |d 1969 
215 |a 291 с.  |c ил. 
320 |a Библиогр.: с. 283-289. 
610 1 |a плазма 
610 1 |a измерения 
610 1 |a зонды 
610 1 |a электроника 
610 1 |a электричество 
675 |a 537.222  |v 3 
700 1 |a Козлов  |b О. В.  |g Олег Васильевич 
801 1 |a RU  |b 63413507  |c 20030912  |g PSBO 
801 2 |a RU  |b 63413507  |c 20091021  |g PSBO 
942 |c BK